| 000 | 00921nam a2200205 a 4500 | ||
|---|---|---|---|
| 001 | 000041025 | ||
| 005 | 20201002034547.0 | ||
| 008 | 130913s1993 sp 00 0 spa d | ||
| 020 | _a8400073266 | ||
| 040 |
_aDO-SdBNP _bspa _cBNPHU |
||
| 111 | 1 |
_aCongreso internacional de bronces antiguos _n(11: _d1990 : mayo-junio _cMadrid) _967495 |
|
| 245 | 0 |
_aBronces y Religión Romana : _bActas del XI congreso internacional de bronces antiguos / _ccoordinadores J. Arce, F. Burkhalter,. |
|
| 260 |
_aMadrid : _bConsejo Superior de Investigaciones Científicas, _c1993. |
||
| 300 | _a477 p. : il. | ||
| 490 | 1 |
_aMonografias de la Escuela española de historia y arqueologia _v1 |
|
| 700 | 1 |
_aArce, Javier, _ecoor. _964054 |
|
| 700 | 1 |
_aBurkhalter, F., _ecoor. _967496 |
|
| 710 | 2 |
_aConsejo Superior de Investigaciones Científicas,(Español) _967497 |
|
| 830 | 0 |
_aMonografias de la Escuela española de historia y arqueologia _n1 _967498 |
|
| 999 |
_c40515 _d40515 |
||